专名笔画总数大于等于25的地级行政区 - Statistics

General Stats
  • This quiz has been taken 29 times
  • The average score is 27 of 33
Answer Stats
笔画数 地级行政区 % Correct
36 巴音郭楞蒙古自治州
100%
26 乌鲁木齐市
100%
42 锡林郭勒盟
96%
36 呼和浩特市
96%
32 克孜勒苏柯尔克孜自治州
96%
28 乌兰察布市
96%
27 阿拉善盟
96%
34 鄂尔多斯市
92%
30 吐鲁番市
92%
29 巴彦淖尔市
92%
37 博尔塔拉蒙古自治州
88%
31 黔西南布依族苗族自治州
88%
30 黔东南苗族侗族自治州
88%
30 衢州市
88%
28 阿勒泰地区
88%
27 防城港市
88%
26 齐齐哈尔市
88%
25 黔南布依族苗族自治州
88%
25 西双版纳傣族自治州
88%
30 嘉峪关市
83%
30 克拉玛依市
83%
34 攀枝花市
79%
27 赣州市
79%
26 葫芦岛市
79%
42 景德镇市
75%
31 鹤壁市
75%
26 秦皇岛市
75%
33 鹰潭市
71%
27 哈尔滨市
71%
26 张家界市
67%
27 湘潭市
63%
25 楚雄彝族自治州
58%
26 常德市
33%
No matching quizzes found
Score Distribution
Percent of People with Each Score
Percentile by Number Answered
Your Score History
You have not taken this quiz